Las Bases de la Seguridad Social / (Registro nro. 6009)

Detalles MARC
000 -LEADER
fixed length control field 00945nam a2200229Ia 4500
003 - CONTROL NUMBER IDENTIFIER
control field OSt
005 - DATE AND TIME OF LATEST TRANSACTION
control field 20200819162659.0
008 - FIXED-LENGTH DATA ELEMENTS--GENERAL INFORMATION
fixed length control field 191128s1946 mx ad gr 000 0 spa d
040 ## - CATALOGING SOURCE
Original cataloging agency Co-JMCR
Transcribing agency Co-JMCR
041 0# - LANGUAGE CODE
Language code of text/sound track or separate title spa
082 04 - DEWEY DECIMAL CLASSIFICATION NUMBER
Classification number 368.4 /
Item number B282b
Edition number 23
100 1# - MAIN ENTRY--PERSONAL NAME
Personal name Beveridge, William,
Relator term autor
9 (RLIN) 8926
245 14 - TITLE STATEMENT
Title Las Bases de la Seguridad Social /
Statement of responsibility, etc. Sir William Beveridge ; versión española de Teodoro Ortiz
250 ## - EDITION STATEMENT
Edition statement Segunda edición
260 ## - PUBLICATION, DISTRIBUTION, ETC.
Place of publication, distribution, etc. México :
Name of publisher, distributor, etc. Fondo de Cultura Económico,
Date of publication, distribution, etc. 1946
300 ## - PHYSICAL DESCRIPTION
Extent 272 páginas :
Other physical details ilustraciones a blanco y negro ;
Dimensions 22 cm.
505 0# - FORMATTED CONTENTS NOTE
Formatted contents note Gobierno para la guerra -- Un nuevo espíritu para la guerra total -- Significado de la guerra total -- Las cinco reglas cristianas -- Deben desaparecer desigualdades extremas en riqueza y poseciones
650 24 - SUBJECT ADDED ENTRY--TOPICAL TERM
Topical term or geographic name entry element Igualdad social
9 (RLIN) 8927
650 24 - SUBJECT ADDED ENTRY--TOPICAL TERM
Topical term or geographic name entry element Ocupación social
9 (RLIN) 8928
700 1# - ADDED ENTRY--PERSONAL NAME
Personal name Ortiz, Teodoro,
Relator term traductor
9 (RLIN) 8929
942 ## - ADDED ENTRY ELEMENTS (KOHA)
Source of classification or shelving scheme Dewey Decimal Classification
Koha item type Books
Existencias
Withdrawn status Lost status Source of classification or shelving scheme Materials specified (bound volume or other part) Damaged status Not for loan Home library Current library Shelving location Date acquired Source of acquisition Full call number Barcode Date last seen Copy number Price effective from Koha item type
    Dewey Decimal Classification Donación--15/04/2018--     Biblioteca Pública José María del Castillo y Rada Biblioteca Pública José María del Castillo y Rada General Stacks 11/28/2019 Donación 368.4 / B282b 430011358 05/16/2024 Ej.1 11/28/2019 Books